Ban on child tractor drivers (Record no. 68009)
[ view plain ]
| 000 -LEADER | |
|---|---|
| fixed length control field | 00965cam a2200217 4500 |
| 001 - CONTROL NUMBER | |
| control field | WB3731-48 |
| 008 - FIXED-LENGTH DATA ELEMENTS--GENERAL INFORMATION | |
| fixed length control field | 010815n2001 000 0 eng u |
| 035 ## - SYSTEM CONTROL NUMBER | |
| System control number | (Sirsi) u114149 |
| 245 ## - TITLE STATEMENT | |
| Title | Ban on child tractor drivers |
| 260 ## - PUBLICATION, DISTRIBUTION, ETC. | |
| Date of publication, distribution, etc. | 2001 |
| 490 ## - SERIES STATEMENT | |
| Series statement | Times |
| Volume/sequential designation | 13 August 2001, 6(1) |
| 520 ## - SUMMARY, ETC. | |
| Summary, etc. | After the United Nations' International Labour Organisation (ILO) produced a new convention on health and safety, government has had to consider a new employment law. Children under 16 will be banned from driving tractors on farms. However the National Farmers' Union will be lobbying government to try and prevent the change. The proposed changes raises the age limit at which children can do hazardous work on farms from 13 to 16 or even 18 in some instances. |
| 590 ## - LOCAL NOTE (RLIN) | |
| Local note | WB |
| 650 ## - SUBJECT ADDED ENTRY--TOPICAL TERM | |
| Topical term or geographic name entry element | FARM EQUIPMENT |
| 650 ## - SUBJECT ADDED ENTRY--TOPICAL TERM | |
| Topical term or geographic name entry element | HEALTH AND SAFETY |
| 9 (RLIN) | 6244 |
| 650 ## - SUBJECT ADDED ENTRY--TOPICAL TERM | |
| Topical term or geographic name entry element | FARMS |
| 650 ## - SUBJECT ADDED ENTRY--TOPICAL TERM | |
| Topical term or geographic name entry element | CHILDREN |
| 650 ## - SUBJECT ADDED ENTRY--TOPICAL TERM | |
| Topical term or geographic name entry element | EMPLOYMENT LAW |
| 690 ## - LOCAL SUBJECT ADDED ENTRY--TOPICAL TERM (OCLC, RLIN) | |
| Topical term or geographic name as entry element | Rural |
| 9 (RLIN) | 6268 |
| 942 ## - ADDED ENTRY ELEMENTS (KOHA) | |
| Suppress in OPAC | 0 |
| Withdrawn status | Lost status | Source of classification or shelving scheme | Damaged status | Not for loan | Home library | Current library | Shelving location | Date acquired | Total Checkouts | Full call number | Barcode | Date last seen | Copy number | Price effective from | Koha item type |
|---|---|---|---|---|---|---|---|---|---|---|---|---|---|---|---|
| Dewey Decimal Classification | London | London | News article | 15/08/2001 | WB3731-48 | 114149-1001 | 06/08/2019 | 1 | 06/08/2019 | News article |